000 01203nam a2200289 a 4500
001 000007588
005 20250430121825.0
008 090909s1987 dr 000 0 spa d
040 _aDO-SdBNP
_bspa
_cBNPHU
082 _a658.302
_bM523s
100 1 _aMelitón Rodríguez, Víctor
_921051
245 1 0 _aSupervisión y disciplina /
_cVíctor Melitón Rodríguez ; prólogo Teobaldo Rodríguez Caballero.
260 _aSanto Domingo :
_bUniversitaria UASD,
_c1987.
300 _a293 p. ;
_c20 cm.
490 1 _aPublicación de la Universidad Autónoma de Santo Domingo
_v562
490 1 _aAdministración y desarrollo
_v1
500 _aIncluye referencias bibliográficas y notas al pie de las páginas
504 _aBibliografía : p. 289-293
590 _aInventariado, 2018/ YL
650 4 _aSupervisión de personal
_921052
650 0 _aAdministración de personal
_91581
650 4 _aLiderazgo
_9115
700 1 _aRodríguez Caballero, Teobaldo,
_epról.
_921053
710 1 _aUniversidad Autónoma de Santo Domingo
_972951
830 0 _aPublicación de la Universidad Autónoma de Santo Domingo
_v562
_pAdministración y desarrollo
_n1
_921054
910 _aValidado. Control de calidad MMOLINA
999 _c7368
_d7368